افسانے پیارے پیارے / (Record no. 107256)

MARC details
000 -LEADER
fixed length control field 00879nam a22002537a 4500
005 - DATE AND TIME OF LATEST TRANSACTION
control field 20170123162323.0
010 ## - LIBRARY OF CONGRESS CONTROL NUMBER
LC control number B-080720
020 ## - INTERNATIONAL STANDARD BOOK NUMBER
Terms of availability 80.00
International Standard Book Number 8187667826
035 ## - SYSTEM CONTROL NUMBER
System control number B-080720
037 ## - SOURCE OF ACQUISITION
Source of stock number/acquisition Cen Lib/Ret
040 ## - CATALOGING SOURCE
Original cataloging agency DPL
Language of cataloging UR
082 ## - DEWEY DECIMAL CLASSIFICATION NUMBER
Classification number ک
Item number ش ر م
100 ## - MAIN ENTRY--PERSONAL NAME
Personal name شرما، کدارناتھ
9 (RLIN) 108279
245 ## - TITLE STATEMENT
Title افسانے پیارے پیارے /
Statement of responsibility, etc کدارناتھ شرما
246 ## - VARYING FORM OF TITLE
Title proper/short title Afsane pyare pyare /
Remainder of title by Kedar Nath Sharma
260 ## - PUBLICATION, DISTRIBUTION, ETC. (IMPRINT)
Place of publication, distribution, etc دہلی
Name of publisher, distributor, etc ایجوکیشنل پبلشنگ ہاؤس
Date of publication, distribution, etc 2003
270 ## - ADDRESS
City دہلی
Address ٣١٠٨، وکیل سٹریٹ کوچہ پنڈت لال کوان
Postal code 110006
300 ## - PHYSICAL DESCRIPTION
Extent 96p.
Dimensions 21cm(Hb)
650 ## - SUBJECT ADDED ENTRY--TOPICAL TERM
Topical term or geographic name as entry element ادب -- اردو
9 (RLIN) 118224
650 ## - SUBJECT ADDED ENTRY--TOPICAL TERM
Topical term or geographic name as entry element اردو کہانیاں
General subdivision
9 (RLIN) 118225
650 ## - SUBJECT ADDED ENTRY--TOPICAL TERM
Form subdivision
Topical term or geographic name as entry element Literature -- Urdu
9 (RLIN) 118226
650 ## - SUBJECT ADDED ENTRY--TOPICAL TERM
Topical term or geographic name as entry element Urdu stories
9 (RLIN) 118227
942 ## - ADDED ENTRY ELEMENTS (KOHA)
Source of classification or shelving scheme Dewey Decimal Classification
Koha item type Urdu Bks
Classification part ک
Call number suffix ش ر م
Holdings
Withdrawn status Lost status Damaged status Not for loan Home library Current library Date acquired Source of acquisition Cost, normal purchase price Total Checkouts Full call number Barcode Date last seen Copy number Cost, replacement price Price effective from Koha item type
        Central Library Central Library 05/01/2016 Cen Lib/Ret 80.00   ک ش ر م B-080720 05/01/2016 1 80.00 05/01/2016 Urdu Bks

© Delhi Public Library
Hit Counter
free hit counter